000 00313nam a2200109Ia 4500
008 171211s9999 xx 000 0 und d
245 4 _aThe Tax Law of Colleges and Universities
245 _cBertrand M. Harding Jr.
260 _c2007
650 _xBUSINESS
856 _uhttp://down.ebook777.com/063/0470146095.pdf
999 _c349475
_d349475